Statystyki dla Drugie najwieksze miasto pod względem populacji w województwie

Kliknij tutaj aby rozwiązać quiz!

Ogólne statystyki

  • Ten quiz został rozwiązany 74 razy
  • Średni wynik to 12 z 16

Statystyki odpowiedzi

HintOdpowiedź% Poprawnych
Kujawsko-PomorskieToruń
97%
PomorskieGdynia
95%
LubuskieGorzów Wielkopolski
92%
MazowieckieRadom
91%
PodlaskieSuwałki
85%
ŚląskieCzęstochowa
80%
MałopolskieTarnów
80%
Warmińsko-MazurskieElbląg
79%
DolnośląskieWałbrzych
77%
ZachodniopomorskieKoszalin
74%
WielkopolskieKalisz
73%
LubelskieZamość
73%
ŁódzkiePiotrków
Trybunalski
70%
OpolskieKędzierzyn Koźle
59%
ŚwiętokrzyskieOstrowiec Świętokrzyski
56%
PodkarpackieMielec
50%

Rozkład punktacji

Percentyl według liczby udzielonych odpowiedzi

Procent ludzi z każdym wynikiem

Twoja historia wyników

Nie rozwiązałeś tego quizu